000 00265nam a2200121Ia 4500
008 190216s9999||||xx |||||||||||||| ||und||
100 _aRamesha Gupth Mirth
245 0 _aHindi-Kayyi Midoodi
260 _bAgraval
300 _a100
650 _aHindi
942 _cBK
999 _c16342
_d16342